• 首页
  • 本馆介绍
  • 公告通知
  • 最新文献
  • 馆藏检索
  • 电子资源
  • 读者导购
  • 参考咨询
  • 我的图书馆
  • 登录
  • 详细信息显示
  • 放入我的书架
  • 预约/预借图书
  • 作者相关作品
  • 分类相关作品
  • 丛书相关作品
  • 出版社相关作品

书目信息

  • 表格格式
  • 工作单格式
  • 卡片格式
书名: 20,000 leagues under the sea
作者:
分册号:
分册名:
出版地: New York :
 
出版社: Airmont Books
出版时间: 1963.
页数: 288 p. ;
开本: 17 cm. :
丛书名:
中图分类号:
科图分类号:
其他分类号: H319.4
主题词:
电子资源:
000 00570nam 2200205 a 4500
001 E0734008030
005 20070202093111.21
008 eng
008 uu
040    @aNLC
049    @aN5LA
090    @a2-85/I565.44/V53///////*973351/-52/ 2cop.
090    @aH319.4
096    @aI565.44 @v2
099    @dH319.4@ex170
100 1  @aVerne, Jules.
245 10 @a20,000 leagues under the sea
260    @aNew York :@bAirmont Books,@c1963.
300    @a288 p. ;@c17 cm. :@b00 ;@c20020930@lNLC09@h2244@lNLC09@h2235@lNLC09@h1826
852 9  @bWWJC @cJ08N @k2-85 @hI565.44 @iV53
    
    20,000 leagues under the sea.-New York : : Airmont Books, , 1963.
    288 p. ; ; 17 cm. : : 00 ; ; 20020930
    
    
    ISBN
    
●
相关链接 在E读中查询图书 在五车中查询图书 在当当中查询图书 在豆瓣中查询图书


正题名:20,000 leagues under the sea     索取号:H319.4/x170         预约/预借

序号 登录号 条形码 馆藏地/架位号 状态 备注
1 102823   202451131   第四借阅区/ [索取号:H319.4/x170] 在馆    
2 102824   202451140   第四借阅区/ [索取号:H319.4/x170] 在馆    
3 102825   001436191   第二样本阅览室/ [索取号:H319.4/x170] 在馆    
4 126970   202451168   第四借阅区/ [索取号:H319.4/x170] 在馆    
5 126978   202451104   第四借阅区/ [索取号:H319.4/x170] 在馆    
6 126979   001437127   第四借阅区/ [索取号:H319.4/x170] 在馆    
7 126983   202451088   第四借阅区/ [索取号:H319.4/x170] 在馆    
8 126985   202451177   第四借阅区/ [索取号:H319.4/x170] 在馆    
9 126986   202451122   第四借阅区/ [索取号:H319.4/x170] 在馆    
10 126987   202451097   第四借阅区/ [索取号:H319.4/x170] 在馆    
11 126988   202451186   第四借阅区/ [索取号:H319.4/x170] 在馆    
唐山师范学院图书馆 欢迎您!
大连网信软件有限公司© 版权所有